| 000 | 00526nam a22002057a 4500 | ||
|---|---|---|---|
| 003 | Ost | ||
| 005 | 20260310054219.0 | ||
| 008 | 260310b |||||||| |||| 00| 0 eng d | ||
| 020 | _a9788121938907 | ||
| 040 | _cBT_PhCST | ||
| 050 | _a25679 | ||
| 082 |
_222 _a515.20 _bDAS |
||
| 100 | _aDASS, HK. | ||
| 245 | _aHigher engineering mathematics / | ||
| 260 |
_aIndia : _bS Chand and Company, _cc2011. |
||
| 300 |
_axx, 1714 p. : _bill. ; _c24 cm. |
||
| 500 | _aIncludes index. | ||
| 700 | _aVerma, Rajnish. | ||
| 942 |
_2ddc _cAE |
||
| 999 |
_c10169 _d10169 |
||